<The> Impact of Fiscal Consolidation on Inequality: The Case of V4 Countries
Empirický dôkaz o vplyve fiškálnej konsolidácie na nerovnosť príjmov v krajinách V4
Salvato in:
| Autore principale: | |
|---|---|
| Natura: | Capitolo di libro |
| Lingua: | inglese |
| Soggetti: | |
| Tags: |
Nessun Tag, puoi essere il primo ad aggiungerne!!
|
MARC
| LEADER | 00000naa a2200000 4500 | ||
|---|---|---|---|
| 001 | 0250962 | ||
| 005 | 20240502074025.8 | ||
| 041 | 0 | |a eng | |
| 044 | |a SK | ||
| 245 | 1 | 0 | |a <The> Impact of Fiscal Consolidation on Inequality: The Case of V4 Countries |c Peter Mandžák |
| 520 | |a Empirický dôkaz o vplyve fiškálnej konsolidácie na nerovnosť príjmov v krajinách V4 | ||
| 610 | 2 | 0 | |a konsolidácia |
| 610 | 2 | 0 | |a politika fiškálna |
| 610 | 2 | 0 | |a nerovnosť príjmová |
| 610 | 2 | 0 | |a Vyšehradská štvorka |
| 100 | 1 | |a Mandžák, Peter | |